[Event "Cuiaba Contaud op"]
[Site "Cuiaba"]
[Date "2022.10.27"]
[Round "4"]
[White "Da Silva, Fabio Lima"]
[Black "Pires, Washington Gabriel"]
[Result "0-1"]
[WhiteElo "1714"]
[BlackElo "1921"]
[PlyCount "77"]
[EventDate "2022.10.25"]
[EventType "swiss"]
[EventRounds "9"]
[EventCountry "BRA"]
[SourceTitle "EXT 2024"]
[Source "ChessBase"]
[SourceDate "2023.10.10"]
[SourceVersion "1"]
[SourceVersionDate "2023.10.10"]
[SourceQuality "1"]

1. c4 c6 2. Nc3 d5 3. cxd5 cxd5 4. d4 Nf6 5. Bg5 e6 6. Nf3 Bd7 7. e4 dxe4 8. Nxe4 Qa5+ 9. Bd2 Qd8 10. Nxf6+ Qxf6 11. Bg5 Bb4+ 12. Bd2 Bd6 13. Qb3 Bc6 14. Bg5 Qg6 15. Bc4 0-0 16. Bd3 Be4 17. Bxe4 Qxe4+ 18. Be3 Nd7 19. 0-0 Nb6 20. Ng5 Qd5 21. Qd3 f5 22. b3 e5 23. Qe2 f4 24. dxe5 fxe3 25. Qxe3 Qxe5 26. Qxe5 Bxe5 27. Rae1 Rae8 28. Ne4 Bd4 29. Kh1 Bxf2 30. Re2 Bh4 31. Rxf8+ Kxf8 32. g3 Bf6 33. Kg2 Nd5 34. Kf3 h5 35. Rc2 g5 36. Nxf6 Nxf6 37. Rc5 g4+ 38. Kf4 Kf7 39. Kg5 0-1

[Event "Cuiaba Contaud op"]
[Site "Cuiaba"]
[Date "2022.10.26"]
[Round "3"]
[White "Oliveira, Leonardo Tadeu De A"]
[Black "Da Silva, Fabio Lima"]
[Result "0-1"]
[WhiteElo "2037"]
[BlackElo "1714"]
[PlyCount "42"]
[EventDate "2022.10.25"]
[EventType "swiss"]
[EventRounds "9"]
[EventCountry "BRA"]
[SourceTitle "EXT 2024"]
[Source "ChessBase"]
[SourceDate "2023.10.10"]
[SourceVersion "1"]
[SourceVersionDate "2023.10.10"]
[SourceQuality "1"]

1. e4 c5 2. Nf3 d6 3. d4 cxd4 4. Nxd4 Nf6 5. Nc3 g6 6. Be3 Bg7 7. f3 0-0 8. Bc4 Nc6 9. Qd2 Bd7 10. 0-0-0 Rc8 11. Kb1 Nxd4 12. Qxd4 Ng4 13. Bxf7+ Kxf7 14. Qxa7 Nxe3 15. Qxe3 Bxc3 16. bxc3 Qa5 17. Rd5 Rxc3 18. Qd4 Qc7 19. Qd2 Be6 20. Rd3 Bxa2+ 21. Kb2 Rxd3 0-1

[Event "BRA-ch 87th"]
[Site "Cuiaba"]
[Date "2021.11.03"]
[Round "10"]
[White "Da Cruz, Emerson"]
[Black "Da Silva, Fabio Lima"]
[Result "1-0"]
[WhiteElo "1623"]
[BlackElo "1909"]
[PlyCount "63"]
[EventDate "2021.10.28"]
[EventType "swiss"]
[EventRounds "11"]
[EventCountry "BRA"]
[SourceTitle "CBM 205 Extra"]
[Source "ChessBase"]
[SourceDate "2022.01.31"]
[SourceVersion "1"]
[SourceVersionDate "2022.01.31"]
[SourceQuality "1"]

1. c4 c6 2. e4 d5 3. exd5 cxd5 4. d4 Nf6 5. Nc3 Nc6 6. Nf3 g6 7. Bg5 Bg7 8. Qd2 Ne4 9. Nxe4 dxe4 10. d5 exf3 11. dxc6 Qxd2+ 12. Kxd2 0-0 13. Bxe7 Bh6+ 14. Kc3 Re8 15. Bc5 bxc6 16. gxf3 Rb8 17. b3 Re5 18. Bd6 Bg7 19. Bxb8 Re1+ 20. Kb4 Bxa1 21. Bxa7 Re7 22. Bb6 Bg7 23. c5 Bd4 24. Bc4 Bxf2 25. a4 Re8 26. Rd1 Be1+ 27. Ka3 Bf2 28. a5 Bb7 29. Rd7 Rb8 30. Rxf7 Kh8 31. Ba7 Ra8 32. Rxb7 1-0

[Event "Cuiaba Mato Grosso-ch"]
[Site "Cuiaba"]
[Date "2019.12.06"]
[Round "1"]
[White "Castro Silva, Cristiane Francisca"]
[Black "Da Silva, Fabio Lima"]
[Result "0-1"]
[WhiteElo "1752"]
[BlackElo "1978"]
[PlyCount "60"]
[EventDate "2019.12.06"]
[EventType "swiss"]
[EventRounds "6"]
[EventCountry "BRA"]
[SourceTitle "CBM 193 Extra"]
[Source "ChessBase"]
[SourceDate "2020.01.31"]
[SourceVersion "1"]
[SourceVersionDate "2020.01.31"]
[SourceQuality "1"]

1. e4 c5 2. Nf3 d6 3. Bb5+ Nd7 4. Bxd7+ Bxd7 5. 0-0 Nf6 6. d3 e6 7. c3 Be7 8. Bf4 0-0 9. Re1 e5 10. Bg3 Bc6 11. Nbd2 Ne8 12. d4 exd4 13. cxd4 cxd4 14. e5 dxe5 15. Nxe5 Bf6 16. Nb3 Qd5 17. Nxc6 bxc6 18. Rc1 g6 19. Rc5 Qd7 20. Qd3 Ng7 21. Rec1 Rfc8 22. Na5 Ne6 23. Rxc6 Rxc6 24. Nxc6 Rc8 25. Qc4 Kg7 26. Qa6 d3 27. Rd1 Rxc6 28. Qb5 Rc1 29. Qb3 Nd4 30. Qxd3 Nf3+ 0-1

[Event "Cuiaba Contaud op"]
[Site "Cuiaba"]
[Date "2019.06.02"]
[Round "6"]
[White "Da Silva, Fabio Lima"]
[Black "Stiegemeier, Fernando"]
[Result "1-0"]
[WhiteElo "1800"]
[BlackElo "1938"]
[PlyCount "111"]
[EventDate "2019.05.31"]
[EventType "swiss"]
[EventRounds "6"]
[EventCountry "BRA"]
[SourceTitle "EXT 2020"]
[Source "ChessBase"]
[SourceDate "2019.10.17"]
[SourceVersion "1"]
[SourceVersionDate "2019.10.17"]
[SourceQuality "1"]

1. d4 d5 2. c4 c6 3. cxd5 cxd5 4. Nc3 Nf6 5. Bg5 Ne4 6. Nxe4 dxe4 7. d5 Qa5+ 8. Qd2 Qxd2+ 9. Bxd2 e6 10. Rc1 Na6 11. dxe6 Bxe6 12. e3 Bb4 13. Bb5+ Bd7 14. Bxa6 Bxd2+ 15. Kxd2 bxa6 16. Ne2 0-0 17. Rc7 Rfd8 18. Nd4 a5 19. Rhc1 Rab8 20. Ke1 a6 21. b3 a4 22. b4 g6 23. a3 Rdc8 24. Rxc8+ Rxc8 25. Rxc8+ Bxc8 26. Kd2 Kf8 27. Kc3 Ke7 28. Kc4 Kd6 29. Ne2 a5 30. b5 Be6+ 31. Kd4 f5 32. Ng3 Bb3 33. f3 exf3 34. gxf3 g5 35. e4 f4 36. e5+ Kd7 37. Ne4 h6 38. h3 Bd1 39. Nc5+ Kc7 40. Ke4 Bc2+ 41. Nd3 h5 42. e6 Bb3 43. Ke5 Bc4 44. Nc5 Bxb5 45. Ne4 g4 46. fxg4 hxg4 47. hxg4 f3 48. g5 Bc6 49. Nf2 Be8 50. Kf6 Kd6 51. Nh3 Bh5 52. Nf2 Be8 53. Ne4+ Kd5 54. Ng3 f2 55. e7 Bh5 56. g6 1-0